|
|
|
|
| LEADER |
00632nta a2200169 i 4500 |
| 001 |
dipl91143 |
| 005 |
20200611075235.0 |
| 008 |
200611s2005 hu om 0|| zxx d |
| 040 |
|
|
|a SZTE Diploma Repozitórium
|b hun
|
| 041 |
|
|
|a zxx
|
| 100 |
1 |
|
|a Lőrincz Ágnes Erna
|
| 245 |
1 |
0 |
|a Egy roma származású kisgyermek helyzete a csongrádi Széchenyi úti Bölcsődében
|h [elektronikus dokumentum] /
|c Ágnes Erna Lőrincz
|
| 260 |
|
|
|c 2005
|
| 650 |
|
4 |
|a Társadalomtudomány
|
| 650 |
|
4 |
|a Educational sciences
|
| 700 |
1 |
|
|a Varga Imre
|e ths
|
| 856 |
4 |
0 |
|u http://diploma.bibl.u-szeged.hu/id/eprint/91143/1/2005_lorincz_agnes_erna.pdf
|z Dokumentum-elérés
|